| 000 | 01134nmm a2200325 a 4500 | ||
|---|---|---|---|
| 001 | 0000022275 | ||
| 003 | CO-CtgCURN | ||
| 005 | 20250403122409.0 | ||
| 007 | co cga---uuuuu | ||
| 007 | ta | ||
| 008 | 160627s2008 i eng d | ||
| 020 | _a9789584506450 | ||
| 040 |
_aCO-CtgCURN _bspa _ccoctgcurn |
||
| 082 | 0 |
_a448.7 _bS349 |
|
| 100 | 1 | _aSchmidt, Dodi-Katrin. | |
| 245 | 1 | 0 |
_aFrancés para dummies _h[electronic resource] / _cDodi-Katrin Schmidt, Michelle M. Williams, Dominique Wenzel , traductor, María Mercedes Correa. |
| 260 |
_aBogotá : _bNorma, _c2008. |
||
| 300 | _axix, 357 p. + 1 Cd-Rom. | ||
| 336 | _2rdacontent | ||
| 337 |
_2rdamedia _asin mediacion _bn |
||
| 338 |
_2rdacarrier _avolumen _bnc |
||
| 490 | 1 | _aPara dummies | |
| 490 | 1 | _aPara dummies | |
| 505 | 8 | _aContenido: Primeros pasos -- Frances de uso diario -- De aqui para alla -- Los decalogos | |
| 650 | 1 | 4 |
_aFrances _vLibros de texto para extranjeros _xEspañol. |
| 700 | 1 | _aI.Williams, Michelle M. | |
| 908 | _a160627 | ||
| 942 |
_cBK _h448.7 _iS349 _2ddc _n0 |
||
| 999 |
_c20641 _d20641 |
||